Letter Ladder #2 - Statistics

General Stats
  • This quiz has been taken 125 times
  • The average score is 13 of 16
Answer Stats
Clue Answer % Correct
All that glitters isn't this Gold
96%
Informed, notified Told
94%
Turnpikes make you pay this Toll
92%
Birds build these Nest
91%
Inform, notify Tell
91%
Better than better Best
90%
You do this to an egg with a whisk Beat
89%
Pork, venison, mutton, e.g. Meat
89%
If you can't stand the ___, get out of the kitchen Heat
88%
Setting of The Divine Comedy's first part Hell
86%
Water causes the Wicked Witch of the West to do this Melt
82%
Not dropped, not released Held
80%
A type of Salamander or Gingrich's first name Newt
73%
Type of card in Magic the Gathering or a set of matching cards in Rummy Meld
70%
Information News
54%
Encouraging Good
39%
No matching quizzes found
Score Distribution
Percent of People with Each Score
Percentile by Number Answered
Your Score History
You have not taken this quiz